| 000 | 00522nam a22001817a 4500 | ||
|---|---|---|---|
| 999 |
_c7417 _d7417 |
||
| 003 | AR-CdUCM | ||
| 008 | 190320b ||||| |||| 00| 0 spa d | ||
| 040 |
_aMUNICIPALIDAD PROVINCIAL DEL CUSCO _cBIBLIOTECA MUNICIPAL DEL CUSCO |
||
| 082 |
_a869.56 / _bP13 |
||
| 100 |
_aPacheco Alvarez, Wilbert _920915 |
||
| 245 | _aMelqhay Sara / | ||
| 260 |
_aCanada : _bChaski Press, _c2013. |
||
| 300 |
_a59 páginas ; _c20.5 cm. |
||
| 650 |
_aPoesías quechuas _97576 |
||
| 650 |
_aSiglo XX _98 |
||
| 942 |
_2ddc _cLIBROS |
||
| 945 | _aafb | ||